Industrial and trade policy reform in developing countries /

Saved in:
Bibliographic Details
Other Authors: Adhikari, Ramesh, 1951-, Kirkpatrick, C. H. 1944-, Weiss, John, 1948-
Format: Book
Published: Manchester ; New York : New York, NY, USA : Manchester University Press ; Distributed exclusively in the USA and Canada by St. Martin's Press, c1992.
Series:Contemporary issues in development studies
Subjects:
Tags: Add Tag
No Tags, Be the first to tag this record!

MARC

LEADER 00000cam a2200000 a 4500
020 |a 0719035538  |c NA 
040 |a MUL  |b eng.  |e AACR 
082 0 0 |a 338.90091724 IND 
245 0 0 |a Industrial and trade policy reform in developing countries /  |c edited by R. Adhikari, C. Kirkpatrick, and J. Weiss. 
260 |a Manchester ;  |a New York :  |b Manchester University Press ;  |a New York, NY, USA :  |b Distributed exclusively in the USA and Canada by St. Martin's Press,  |c c1992. 
300 |a xiii, 273 p. :  |b ill. ;  |c 25 cm. 
440 0 |a Contemporary issues in development studies 
504 |a Includes bibliographical references (p. [251]-265) and index. 
546 |a eng. 
650 0 |a Industrial policy  |z Developing countries 
700 1 |a Adhikari, Ramesh,  |d 1951- 
700 1 |a Kirkpatrick, C. H.  |d 1944- 
700 1 |a Weiss, John,  |d 1948- 
942 |c BK 
999 |c 8812  |d 8812